000 00859cab a2200253 4500
001 WB3443-13
008 090401t1998 xxu||||| |||| 00| 0 eng d
035 _a(Sirsi) u89658
041 _aeng
245 _aV & A spirals into a nosedive
260 _c1998
350 _a0
490 _aGuardian
_v13 November 1998, 28
490 _aEvening Standard
_v13 November 1998, 11(3)
520 _aAlthough the plans for the Victoria and Albert Museum`s "Spiral" extension have received critical acclaim, they will almost certainly be rejected by the Royal Borough of Kensington and Chelsea.
650 _aARCHITECTURE
650 _aPLANNING COMMITTEES
650 _aPLANNING PERMISSION
650 _aKENSINGTON AND CHELSEA LBC
650 _aVICTORIA AND ALBERT MUSEUM
690 _aPROPERTY-PROPERTY DEVELOPMENT
942 _n0
948 _c13/11/1998
999 _c56755
_d56755